书目信息 |
| 题名: |
英迪拉·甘地和她的权术
|
|
| 作者: | 塔库尔 著 ;张涵 译 | |
| 分册: | ||
| 出版信息: | 北京 新华出版社 1981 |
|
| 页数: | 217页 | |
| 开本: | 19cm | |
| 丛书名: | ||
| 单 册: | ||
| 中图分类: | D735.10 | |
| 科图分类: | ||
| 主题词: | 政治--概况--印度 | |
| 电子资源: | ||
| ISBN: | ||
| 000 | 00773nam0 2200265 45 | |
| 001 | 0181002327 | |
| 005 | 20060913152956.67 | |
| 010 | @dCNY0.56 | |
| 091 | @a11203.015 | |
| 100 | @a19950605d1981 em y0chiy0121 ea | |
| 101 | 1 | @achi@cinc |
| 102 | @aCN@b110000 | |
| 105 | @ay z 000yy | |
| 200 | 10 | @a英迪拉·甘地和她的权术@Aying di la· gan di he ta de quan shu@f(印度)贾纳丹·塔库尔著@F(Yin Du)Jia Na Dan·Ta Ku Er Zhu@g张涵译 |
| 210 | @a北京@c新华出版社@d1981 | |
| 215 | @a217页@d19cm | |
| 300 | @a内部发行 | |
| 600 | 1 | @a甘地@bI.@x人物研究 |
| 606 | @a政治@x概况@y印度 | |
| 690 | @aD735.10@v3 | |
| 701 | 0 | @a塔库尔@4著 |
| 702 | 0 | @a张涵@Azhang han@4译 |
| 801 | 0 | @aCN@b上海图书馆@c20060913 |
| 801 | 2 | @aCN@bNLC@c20060820 |
| 905 | @dD735.10@e119@f1@b177729 | |
| 英迪拉·甘地和她的权术/(印度)贾纳丹·塔库尔著/张涵译.-北京:新华出版社,1981 |
| 217页;19cm |
| 内部发行 |
| ISBN :CNY0.56 |
| ● |
| 相关链接 |
|
|
|
|
正题名:英迪拉·甘地和她的权术
索取号:D735.10/119
 
预约/预借
| 序号 | 登录号 | 条形码 | 馆藏地/架位号 | 状态 | 备注 |
| 1 | 0177727 | 001013101 | 密集书库/ [索取号:D735.10/119] | 在馆 | |
| 2 | 0177728 | 001013085 | 第一借阅区/ [索取号:D735.10/119] | 在馆 | |
| 3 | 0439922 | 204399221 | 密集书库/ [索取号:D735.10/119] | 在馆 | |
| 4 | 0440806 | 204408060 | 密集书库/ [索取号:D735.10/119] | 在馆 | |
| 5 | 0471324 | 204713248 | 密集书库/ [索取号:D735.10/119] | 在馆 | |
| 6 | 0474321 | 204743215 | 密集书库/ [索取号:D735.10/119] | 在馆 |